Kvalitatívne charakteristiky malého a stredného podnikania a regionálny rozvoj

Kvalitatívne charakteristiky MSP na úrovni územných štartistických jednotiek NUTS 3, ich vzájomný vzťah.

Saved in:
Bibliographic Details
Main Author: Čapková, Soňa
Other Authors: Kluchová, Adriana
Format: Book Chapter
Language:Slovak
Subjects:
Tags: Add Tag
No Tags, Be the first to tag this record!

MARC

LEADER 00000naa a2200000 4500
001 0248737
005 20241024124859.9
041 0 |a slo 
044 |a CZ 
245 1 0 |a Kvalitatívne charakteristiky malého a stredného podnikania a regionálny rozvoj  |c Soňa Čapková, Adriana Kluchová 
520 |a Kvalitatívne charakteristiky MSP na úrovni územných štartistických jednotiek NUTS 3, ich vzájomný vzťah. 
610 2 0 |a podnikanie malé 
610 2 0 |a podnikanie stredné 
610 2 0 |a analýza regresná 
610 2 0 |a analýza štatistická 
610 2 0 |a politika regionálna 
610 2 0 |a ukazovatele kvalitatívne 
100 1 |a Čapková, Soňa 
700 1 |a Kluchová, Adriana